| 000 | 00924nam a2200277 i 4500 | ||
|---|---|---|---|
| 001 | bg | ||
| 100 | 1 | _aMŁYNARSKI, Tadeusz. | |
| 245 | 0 | 0 |
_aTeoria maszyn i mechanizmów. _nCz. 1, _pSynteza i analiza strukturalna mechanizmów / _cTadeusz Młynarski, Antonina Listwan, Edmund Pazderski ; Politechnika Krakowska im. Tadeusza Kościuszki. |
| 250 | _aWyd. 4. | ||
| 260 |
_aKraków : _bWydawnictwa PK, _c1997. |
||
| 300 |
_a151 s. : _brys. ; _c24 cm. |
||
| 504 | _aBibliogr. s. 151. | ||
| 521 | _aSkrypt dla studentów wyższych szkół technicznych. | ||
| 650 | 9 |
_aMaszyny _xteoria |
|
| 655 | _aPodręczniki akademickie | ||
| 700 | 1 | _aLISTWAN, Antonina. | |
| 700 | 1 | _aPAZDERSKI, Edmund. | |
| 710 | 0 | _aPOLITECHNIKA KRAKOWSKA (Kraków) | |
| 020 | _a8390387832 | ||
| 040 | _cBPK | ||
| 041 | 0 | _apl | |
| 080 | _a621.01(075.8) | ||
| 920 | _a83-903878-3-2 | ||
| 942 | _cKS | ||
| 008 | s pl f |000 0 pol | ||
| 999 |
_c33156 _d33156 |
||
| 856 |
_uhttp://koha.tu.koszalin.pl/cgi-bin/koha/opac-detail.pl?biblionumber=33156 _yKatalog online BPK |
||